000 00433nam a2200193Ia 4500
005 20250603144542.0
008 250603s9999 xx 000 0 und d
020 _a100070660050
050 _aHB 139 .G84/
100 _aGujarati, Damodar N.
245 0 _aBasic econometrics
250 _a4th ed.
260 _aNew York
260 _bMc Graw Hill
260 _c2007
300 _a1036 p
650 _aNew York
942 _cBK
999 _c39260
_d39260